Resolución en la causa de don Fernando de Aguilar, contra don Antonio Álvarez de Castro

Detalles Bibliográficos
Otros Autores: Fernando de Aguilar, Antonio Álvarez de Castro
Formato: Libro
Publicado: Madrid, 1664
Materias:
Colección:Banco de datos
Acervo:Biblioteca Palafoxiana. Colección de Manuscritos
Descripción Física:2 f. ; 20.5 x 30.5 cm.
Tema general:Civil
LEADER 00473nam a22001570004500
035 |a 1173 
245 1 0 |a Resolución en la causa de don Fernando de Aguilar, contra don Antonio Álvarez de Castro 
260 |a Madrid, 1664 
300 |a 2 f. ; 20.5 x 30.5 cm. 
650 1 0 |a Civil 
700 1 |a Fernando de Aguilar 
700 1 |a Antonio Álvarez de Castro 
949 |a 20114/007 
942 |c PALAMANU 
943 |g Biblioteca Palafoxiana. Colección de Manuscritos 
999 |c 1069118  |d 1069118